Nghiệp vụ giao nhận vận tải và bảo hiểm trong ngoại thương

Trình bày các nội dung: Vận tải ngoại thương; Chuyên chở hàng hóa xuất nhập khẩu bằng đường biển; Nghiện vụ thuê tàu; Chuyên chở hàng hóa bằng Container; Vận tải đa phương thức/vận tải liên hợp; Chuyên chở hàng hóa bằng đường hàng khô...

全面介绍

Đã lưu trong:
书目详细资料
主要作者: Phạm, Mạnh Hiền
格式: 图书
语言:Undetermined
出版: H. Lao động Xã hội 2012
主题:
在线阅读:http://lrc.tdmu.edu.vn/opac/search/detail.asp?aID=2&ID=37761
标签: 添加标签
没有标签, 成为第一个标记此记录!
Thư viện lưu trữ: Trung tâm Học liệu Trường Đại học Thủ Dầu Một
LEADER 01650nam a2200205Ia 4500
001 TDMU_37761
008 210410s9999 xx 000 0 und d
082 |a 371.1 
090 |b PH104 
100 |a Phạm, Mạnh Hiền 
245 0 |a Nghiệp vụ giao nhận vận tải và bảo hiểm trong ngoại thương 
245 0 |c Phạm Mạnh Hiền; Phan Hữu Hạnh (hiệu đính) 
260 |a H. 
260 |b Lao động Xã hội 
260 |c 2012 
300 |a 666tr. 
520 |a Trình bày các nội dung: Vận tải ngoại thương; Chuyên chở hàng hóa xuất nhập khẩu bằng đường biển; Nghiện vụ thuê tàu; Chuyên chở hàng hóa bằng Container; Vận tải đa phương thức/vận tải liên hợp; Chuyên chở hàng hóa bằng đường hàng không; Chuyên chở hàng xuất khẩu bằng đường sắt; Khái niệm chung về giao nhận; Nghiệp vụ giao nhận hàng hóa xuất nhập khẩu; Thủ tục hải quan; Thủ tục hải quan đối với một số trường hợp khác; Thủ tục hải quan điện tử đối với hàng hóa xuất khẩu, nhập khẩu; Các phương pháp xác định giá tính thuế hàng nhập khẩu theo GATT/WTO... 
650 |a Vận tải ngoại thương  |x Vận tải quốc tế  |x Giao nhận  |x Bảo hiểm 
856 |u http://lrc.tdmu.edu.vn/opac/search/detail.asp?aID=2&ID=37761 
980 |a Trung tâm Học liệu Trường Đại học Thủ Dầu Một